LIBRARY & INFORMATION CENTRE, KCAET, TAVANUR

ONLINE PUBLIC ACCESS CATALOGUE (OPAC)

mechanics of solids / (Record no. 12364)

MARC details
000 -LEADER
fixed length control field 00382cam a2200157ua 4500
020 ## - INTERNATIONAL STANDARD BOOK NUMBER
ISBN 9788178085845
041 ## - LANGUAGE CODE
Language code of text/sound track or separate title eng
082 ## - DEWEY DECIMAL CLASSIFICATION NUMBER
Classification number 620.105
Item number SIN/ME
100 ## - MAIN ENTRY--AUTHOR NAME
Personal name Singh, D.k .
245 ## - TITLE STATEMENT
Title mechanics of solids /
260 ## - PUBLICATION, DISTRIBUTION, ETC. (IMPRINT)
Place of publication :
Name of publisher Pearson Education Asia ,
Year of publication 2002.
300 ## - PHYSICAL DESCRIPTION
Number of Pages 14.22 ; .
942 ## - ADDED ENTRY ELEMENTS (KOHA)
Koha item type Books
Holdings
Withdrawn status Lost status Damaged status Home library Current library Date acquired Full call number Accession Number Koha item type
      KAUAET KAUAET 07/04/2012 620.105 20967 Books
free website counter